| 000 | 00966nam a22002297a 4500 | ||
|---|---|---|---|
| 003 | OSt | ||
| 005 | 20170608093046.0 | ||
| 008 | 150408b2006 slv spa | ||
| 040 | _cBMC | ||
| 082 | _a721 | ||
| 100 | 1 |
_935717 _aOrellana Guevara, Oscar Armando |
|
| 245 | 1 | 0 |
_aPasantía en Constructora DISA S.A. de C.V. _b: Informe final _cOscar Armando Orellana Guevara |
| 260 |
_aSanta Ana (El Salvador) _bUniversidad Católica de Occidente _c2006 |
||
| 300 |
_a97 h. _bil col, planos _c28 cm _e+ 1 disco compacto |
||
| 500 | _aPrecede al tít.: Universidad Católica de Occidente, Facultad de Ingeniería y Arquitectura | ||
| 501 | _aPeríodo de realización del 06 de febrero al 06 de agosto de 2006 | ||
| 502 | _aPara optar al título de Arquitecto | ||
| 650 | 2 | 4 |
_98971 _aDiseño arquitectónico |
| 650 | 2 | 4 |
_94860 _aProyectos de arquitectura |
| 710 | 2 |
_91166 _aUniversidad Católica de El Salvador _bFacultad de Ingeniería y Arquitectura |
|
| 942 |
_2ddc _cTG |
||
| 999 |
_c22041 _d22041 |
||